000 00292nam a2200121 a 4500
005 20141022142004.0
008 080915s19uu xx 00 eng d
050 _aVCD
_bH15 2004
245 _aBasic restorative Care.
650 _aVCD NUR
650 _abasic restorative care
942 _cAVM
999 _c276416
_d276416